| 000 | 00481cam a2200181ua 4500 | ||
|---|---|---|---|
| 001 | 6356 | ||
| 008 | 131204n ii |||gr||||Z||||||eng | ||
| 020 | _a81-203-1709-2 | ||
| 040 | _cMAIN | ||
| 082 | _a651.7 | ||
| 245 |
_aEffective business communication _cBy Asha kaul |
||
| 260 |
_aNew delhi: _bPrentice-hall of India private ltd, _c2006. |
||
| 300 | _ax,172p. | ||
| 653 | _aCommerce | ||
| 653 | _aEffective business communication | ||
| 700 |
_aKaul,Asha, _eAuthor. |
||
| 942 | _cBK | ||
| 999 |
_c5508 _d5508 |
||